|
|
|
|
| LEADER |
00000nam a22000007a 4500 |
| 005 |
20190723224016.0 |
| 007 |
cr|||| |||| |
| 008 |
190723s2018 br |||||s|||| 00||0 por d |
| 020 |
|
|
|a 978-85-7789-358-4
|
| 035 |
|
|
|a 23827
|
| 040 |
|
|
|a vLex
|
| 090 |
|
|
|c 9051
|d 9051
|
| 100 |
1 |
|
|a de Paula Reis, Leandro Roberto
|
| 245 |
1 |
0 |
|a Eleiė̳s 2018
|h [Recurso electrn̤ico] :
|b O que mudou com as minirreformas eleitorais de 2013, 2015 e 2017 /
|c Leandro Roberto de Paula Reis
|
| 256 |
|
|
|a Servicio en ln̕ea
|
| 260 |
|
|
|a San Pablo:
|b JH Mizuno,
|c 2018
|
| 300 |
|
|
|a 1 recurso electrn̤ico
|
| 500 |
|
|
|a A obra apresenta as mudanȧs trazidas pelas minirreformas eleitorais de 2013, 2015 e 2017 – Leis nð 12.891/2013, 13.165/2015, 13.487/2017 e 13.488/2017 – dentre as quais podemos destacar as relacionadas ̉escolha e registro de candidatos; arrecadaȯ̂ de recursos, financiamento pb︢lico das campanhas eleitorais, financiamento coletivo (Vaquinhas Virtuais), contrataȯ̂ de pessoal e limites de gastos; prestaȯ̂ de contas; regras e proibiė̳s da propaganda eleitoral, propaganda eleitoral antecipada, propaganda eleitoral na internet e redes sociais, utilizaȯ̂ de perfis falsos e fake news, impulsionamento de conted︢os na internet; debates eleitorais; direito de resposta; clùsula de desempenho individual para as candidaturas proporcionais; o processo judicial eletrn̥ico na Justiȧ Eleitoral; a questô da desincompatibilizaȯ̂ dos servidores pb︢licos efetivos e o voto impresso. Consiste em importante material de estudo e de consulta imprescindv̕el para candidatos, dirigentes partidr̀ios e operadores do direito que atuam na r̀ea do Direito Eleitoral.
|
| 506 |
1 |
|
|a Disponible solo en los productos indicados
|d vLex Global
|d vLex Global (Academic Edition, excluding Law Schools)
|d vLex Global (U.S. Academic Edition, Law Schools)
|d vLex Global (U.S. Academic Edition, excluding Law Schools)
|d vLex Global (Academic Edition, Law Schools)
|
| 650 |
0 |
4 |
|a Derecho Constitucional
|z Brasil
|
| 740 |
0 |
|
|a vLex Libros (Servicio en ln̕ea)
|
| 856 |
4 |
0 |
|u http://vlex.com/source/elei-es-2018-o-que-mudou-com-as-minirreformas-eleitorais-de-2013-2015-e-2017-23827
|z Acceso restringido
|
| 942 |
|
|
|c BOOK
|
| 999 |
0 |
|
|a Constitutional right
|